Sports Quiz

Random Sports or WWE Quiz

Royal Rumble Elimination Matchup - 1992 Quiz Stats

 Plays Quiz not verified by Sporcle

Score 0/29 Timer 05:00
0 Plays Today
% Correct
Hulk Hogan
81%
Sid Justice
77.4%
Jake Roberts
72.6%
Ted DiBiase
70.2%
Roddy Piper
69%
The Undertaker
67.9%
The British Bulldog
65.5%
Randy Savage
64.3%
The Big Boss Man
63.1%
Sgt. Slaughter
61.9%
Haku
60.7%
The Texas Tornado
59.5%
Jerry Sags
59.5%
Rick Martel
59.5%
Shawn Michaels
57.1%
% Correct
The Warlord
57.1%
Hercules
54.8%
Irwin R. Schyster
53.6%
Jimmy Snuka
52.4%
Repo Man
51.2%
Nikolai Volkoff
51.2%
The Berzerker
51.2%
Tito Santana
51.2%
Jim Duggan
50%
Greg Valentine
47.6%
The Barbarian
45.2%
Virgil
45.2%
Col. Mustafa
39.3%
Skinner
29.8%

You're not logged in!

Compare scores with friends on all Sporcle quizzes.
OR
Log In

Show Comments

Extras

Top Quizzes Today


Score Distribution

Your Account Isn't Verified!

In order to create a playlist on Sporcle, you need to verify the email address you used during registration. Go to your Sporcle Settings to finish the process.

Report this User

Report this user for behavior that violates our Community Guidelines.

Details: